00505 a2200157 4500010001400000020002300014035001300037037001500050082001300065100001900078245004700097260005400144270007200198300002700270500005000297 aENG-88451 a8189652567c695.00 aEN-71984 bDBAD / PUB14a658.4038 aSaxena, Girish1 aOutsourcing information/cby Girish Saxena aDelhibVista International Publishing Housec2006 aV-196, Near Shiv Sadhna Mandir, C-11, Yamuna Vihar,cDelhie110 053 avii, 293p.c22cm (Hb) aIncludes bibliographical references and index